Nervozita klesla, otázniky zostávajú

Európa oficiálne otvorila mliečne kohútiky 1. apríla 2015. Dovtedy bola produkcia mlieka 28 členských krajín EÚ regulovaná. Aj keď bol tento dátum známy už dlho vopred, otázky ohľadom dopadu tejto novej etapy liberalizácie európskeho poľnohospodárstva neutíchajú. Brusel je optimistický.

Salvato in:
Dettagli Bibliografici
Autore principale: Kris, Richard
Natura: Capitolo di libro
Lingua:slovacco
Soggetti:
Tags: Aggiungi Tag
Nessun Tag, puoi essere il primo ad aggiungerne!!

MARC

LEADER 00000naa a2200000 4500
001 0203752
005 20231011070240.1
041 0 |a slo 
044 |a SK 
245 1 0 |a Nervozita klesla, otázniky zostávajú  |c Richard Kris 
520 |a Európa oficiálne otvorila mliečne kohútiky 1. apríla 2015. Dovtedy bola produkcia mlieka 28 členských krajín EÚ regulovaná. Aj keď bol tento dátum známy už dlho vopred, otázky ohľadom dopadu tejto novej etapy liberalizácie európskeho poľnohospodárstva neutíchajú. Brusel je optimistický. 
610 2 0 |a mlieko 
610 2 0 |a regulácia výroby 
610 2 0 |a liberalizácia 
610 2 0 |a Európska únia 
100 1 |a Kris, Richard